| 000 | 01110nam a2200253 a 4500 | ||
|---|---|---|---|
| 001 | 39736 | ||
| 003 | BD-RjUL | ||
| 005 | 20211209053041.0 | ||
| 008 | 160529r20131966ii ||||| |||| 00| 0 ben d | ||
| 020 |
_a9788129518446 _c: Tk 616.00 |
||
| 035 | _a(BD-RjUL)39849 | ||
| 040 |
_aBD-RjUL _bben _cBD-RjUL |
||
| 041 | _aben | ||
| 082 |
_223 _a294.5 _bCHS 2013 |
||
| 100 |
_aচণ্ডীদাস, বড়ু. _9127106 |
||
| 245 |
_a শ্রীকৃষ্ণকীর্তন সমগ্র / _cবড়ু চণ্ডীদাস ; ভুমিকা সম্পাদনা টীকা : অমিত্রসূদন ভট্টাচার্য |
||
| 250 | _a১৪র্থ সং. | ||
| 260 |
_aকলকাতা : _bদে'জ পাবলিশিং, _c১৯৬৬ [মুদ্রণ ২০১৩] |
||
| 300 |
_a৫০৩ পৃ. ; _c২২ সেমি |
||
| 650 |
_aহিন্দুত্ত্ববাদ _9122397 |
||
| 650 |
_aHinduism _9122398 |
||
| 700 |
_aভট্টাচার্য, অমিত্রসূদন, সম্পাদক _9122399 |
||
| 942 |
_2ddc _cBK _03 |
||
| 999 |
_c39736 _d39736 |
||